000 00511nam a2200169 a 4500
001 9957
005 20180713194005.0
008 140415s1990 000 0 spa d
041 _aspa
082 _a001.535
_bMAR
100 1 _aMARTIN, JAMES H.
245 1 2 _aA COMPUTATIONAL MODEL OF METAPHOR INTERPRETATION
260 _a[s.l.] :
_bACADEMIC PRESS,
_c1990
300 _a229
490 _aPERSPECTIVES IN ARTIFICIAL INTELLIGENECE
_v8
650 1 4 _aMETAFORA
_xSERVICIOS DE PROCESAMIENTO DE DATOS
999 _c9957
_d9957